Portals(Deluxe)-Album (Melanie Martinez) - Statistics

General Stats
  • This quiz has been taken 72 times
  • The average score is 14 of 16
Answer Stats
Hint Answer % Correct
2. VOID
100%
1. DEATH
98%
12. EVIL
93%
7. LEECHES
91%
11. NYMPHOLOGY
91%
13. WOMB
91%
10. MOON CYCLE
89%
15. (Deluxe) PLUTO
89%
14. (Deluxe) POWDER
89%
3. TUNNEL VISION
89%
5. LIGHT SHOWER
87%
16. (Deluxe) MILK OF THE SIREN
87%
6. SPIDER WEB
87%
8. BATTLE OF THE LARYNX
84%
4. FAERIE SOIRÉE
80%
9. THE CONTORTIONIST
80%
No matching quizzes found
Score Distribution
Percent of People with Each Score
Percentile by Number Answered
Your Score History
You have not taken this quiz